Ünnepi köszöntés, szelíd füstölgéssel
Elmentve itt :
| Szerző: | |
|---|---|
| Adatforrás: | Meister |
| Forrásdokumentuma: | A Hét. - 11 sz., 1999, 5 p. |
| Nyelv: | magyar |
| Kulcsszavak: | sajtótörténet sajtó Romániai Magyar Szó |
| LEADER | 00395nab a2200145 i 4500 | ||
|---|---|---|---|
| 001 | bibPRO00007016 | ||
| 008 | 060524s1999 xx hun | ||
| 040 | |a Sz1 | ||
| 041 | |a hun | ||
| 100 | 1 | |a SÜTŐ András | |
| 245 | 1 | 0 | |a Ünnepi köszöntés, szelíd füstölgéssel |c SÜTŐ András |
| 695 | |a sajtótörténet | ||
| 695 | |a sajtó | ||
| 695 | |a Romániai Magyar Szó | ||
| 773 | 0 | |t A Hét. - |g 11 sz., 1999, 5 p. | |